Estadísticas para Top 10 Países más Forestados en Asia

Haz click aquí para intentar la prueba.

Estadísticas generales

  • Esta prueba ha sido intentada 1.965 veces
  • La puntuación promedio es 7 de 10

Estadísticas de respuestas

%País% Correcto
47.63Indonesia
91%
44.60Vietnam
87%
79.23Laos
84%
67.09Malasia
81%
52.24Camboya
80%
66.04Japón
80%
61.71Corea del Sur
67%
71.75Bután
65%
65.92Brunéi
53%
46.12Timor Oriental
48%

Distribución de puntuación

Porcentaje por número respondido

Porcentaje de gente con cada puntuación

Historial de tus puntuaciones

No has intentado esta prueba.